Statistics for Countries Starting with the Letter T

Click here to take the quiz!

General Stats

  • This quiz has been taken 47 times
  • The average score is 10 of 12

Answer Stats

ContinentCountry% Correct
AsiaTurkmenistan
98%
AsiaThailand
95%
AsiaTurkey
95%
AsiaTajikistan
93%
North AmericaTrinidad
93%
OceaniaTuvalu
93%
OceaniaTonga
88%
AfricaTunisia
88%
AsiaTaiwan
86%
AfricaTogo
86%
AfricaTanzania
84%
AsiaEast Timor
44%

Score Distribution

Percentile by Number Answered

Percent of People with Each Score

Your Score History

You have not taken this quiz